Statistics for Top 10 Countries with the Most Sheep

Click here to take the quiz!

General Stats

  • This quiz has been taken 124 times
  • The average score is 6 of 10

Answer Stats

# SheepCountry% Correct
202 milChina
93%
72.61Australia
93%
29.8 milNew Zealand
86%
63 milIndia
81%
33.74 milUnited Kingdom
81%
50.22 milIran
55%
31.11 milTurkey
50%
29.33 milEthiopia
25%
40.55 milNigeria
24%
39.84 milSudan
22%

Score Distribution

Percentile by Number Answered

Percent of People with Each Score

Your Score History

You have not taken this quiz